000 01012nac a22003011i 4500
003 EG-ScBUE
005 20250818115336.0
008 250818t1953 mauab f b 001 0 eng d
040 _aEG-ScBUE
_beng
_erda
_cEG-ScBUE
_dEG-ScBUE
082 0 4 _a549.114
_bPOU
_222
100 1 _aPough, Frederick H.,
_eauthor.
245 1 2 _aA field guide to rocks and minerals /
_cby Frederick H. Pough.
250 _aThird edition.
264 1 _aBoston :
_bHoughton Mifflin Company,
_c[1953]
264 1 _cc1953
300 _axv, 349 pages :
_billustrations (some color), map ;
_c19 cm.
336 _2rdacontent
_atext
_btxt
337 _aunmediated
_2rdamedia
_bn
338 _avolume
_bnc
_2rdacarrier
490 0 _aThe peterson field guide series
500 _aIllustrated.
504 _aIncludes bibliographical references and index.
650 7 _aMineralogy, Determinative.
_2BUEsh
650 7 _aRocks.
_2BUEsh
655 _vReading book
942 _cBB
_k549.114 POU
_2ddc
999 _c1814
_d1814